MARC

LEADER 00000nam0a2200000 4500
001 270670
005 20231101234351.0
020 |a RU  |b 86-12709 
035 |a (RuTPU)RU\TPU\book\293851 
090 |a 270670 
100 |a 20140930d1986 k a0rusy5003 ca 
101 1 |a rus  |c pol 
102 |a RU 
105 |a y z 001zy 
200 1 |a Электромагнитные эффекты в твердых телах  |e пер. с польск.  |f В. Новацкий 
210 |a Москва  |c Мир  |d 1986 
215 |a 160 с. 
225 1 |a Механика  |e Новое в зарубежной науке  |v 37 
320 |a Библиогр.: с. 155-157 (62 назв.) 
606 1 |a Пьезоэлектричество  |2 stltpush  |3 (RuTPU)RU\TPU\subj\53299  |9 71615 
610 1 |a электромагнитные эффекты 
610 1 |a магнитоупругость 
610 1 |a твердые тела 
610 1 |a термоупругость 
610 1 |a двумерные задачи 
610 1 |a поверхностные волны 
610 1 |a принцип Гамильтона 
610 1 |a пространственные задачи 
675 |a 537.226.8  |z rus 
700 1 |a Новацкий  |b В.  |4 070 
801 0 |a RU  |b RuMRKP  |c 19950704  |g psbo 
801 1 |a RU  |b 63413507  |c 20140930 
801 2 |a RU  |b 63413507  |c 20151126  |g RCR 
942 |c BK